Trajes y modas en la España de los Reyes Católicos. (Record no. 188811)

MARC details
000 -LEADER
campo de control de longitud fija 00991nam a2200265 i 4500
001 - NÚMERO DE CONTROL
campo de control 188811
003 - IDENTIFICADOR DE NÚMERO DE CONTROL
campo de control SpMaBN
005 - FECHA Y HORA DE LA ÚLTIMA TRANSACCIÓN
campo de control 20231230205016.0
008 - DATOS DE LONGITUD FIJA--INFORMACIÓN GENERAL
campo de control de longitud fija 190215s1979 sp f |||| | spa d
020 ## - NÚMERO INTERNACIONAL ESTÁNDAR DEL LIBRO
Número Internacional Estándar del Libro 84-00-04453-3
080 ## - NÚMERO DE LA CLASIFICACIÓN DECIMAL UNIVERSAL
Número de la Clasificación Decimal Universal 391(46)"14"
100 1# - ENTRADA PRINCIPAL--NOMBRE DE PERSONA
Nombre de persona Bernis, Carmen.
9 (RLIN) 153201
245 10 - MENCIÓN DEL TÍTULO
Título Trajes y modas en la España de los Reyes Católicos.
Número de parte o sección de la obra II,
Nombre de parte o sección de la obra Los hombres /
Mención de responsabilidad, etc. Carmen Bernis.
260 ## - PUBLICACIÓN, DISTRIBUCIÓN, ETC.
Lugar de publicación, distribución, etc. Madrid :
Nombre del editor, distribuidor, etc. Instituto Diego Velázquez, del Consejo Superior de Investigaciones Científicas,
Fecha de publicación, distribución, etc. 1979.
300 ## - DESCRIPCIÓN FÍSICA
Extensión 1 v. (175 p., XLVIII p. de lám.) ;
Dimensiones 23 cm.
490 1# - MENCIÓN DE SERIE
Mención de serie Artes y artistas
505 8# - NOTA DE CONTENIDO CON FORMATO
Nota de contenido con formato Contiene: 2 ;
Título Los hombres
650 #7 - PUNTO DE ACCESO ADICIONAL DE MATERIA--TÉRMINO DE MATERIA
Término de materia o nombre geográfico como elemento de entrada Traje-
Subdivisión geográfica España-
Subdivisión cronológica S.XV.
9 (RLIN) 166333
710 2# - ENTRADA AGREGADA--NOMBRE DE ENTIDAD CORPORATIVA
Nombre de entidad corporativa o nombre de jurisdicción como elemento de entrada Instituto Diego Velázquez.
9 (RLIN) 5021
830 0# - PUNTO DE ACCESO ADICIONAL DE SERIE-TÍTULO UNIFORME
Título uniforme Artes y artistas
9 (RLIN) 186467
852 ## - LOCALIZACIÓN
Ubicación ES-MaACL
Número de control de estantería A-14344
itemnumber 195945
Sublocalización o colección R.151287
Ubicación en estantería Depósito 1
Signatura antigua Olim: N-7344
Donativo/Legado Donación: Casa de Velázquez
914 ## - NOMBRE ENTIDAD DE DONANTE
RLIN 2477
Nombre de congreso/reunión o jurisdicción como elemento de entrada Casa de Velázquez
Unidad subordinada Donante
942 ## - ELEMENTOS DE ENTRADA SECUNDARIOS (KOHA)
Fuente del sistema de clasificación o colocación Clasificación decimal universal
Tipo de ítem Koha Libro impreso
Holdings
Estatus retirado Estado de pérdida Fuente del sistema de clasificación o colocación Estado de daño No para préstamo Biblioteca de origen Biblioteca actual Ubicación en estantería Fecha de adquisición Fuente de adquisición Total de préstamos Signatura topográfica completa Código de barras Visto por última vez Precio de reemplazo Tipo de ítem Koha
    Clasificación decimal universal     Biblioteca del Ateneo de Madrid Biblioteca del Ateneo de Madrid Depósito 1 15/02/2019 Donación   A-14344 1199944 23/02/2023 23/02/2023 Libro impreso